书目信息 |
| 题名: |
大学英语六级考试直击考点阅读与简答
|
|
| 作者: | 王长喜 主编 | |
| 分册: | ||
| 出版信息: | 北京 中国社会出版社 2003 |
|
| 页数: | 440页 | |
| 开本: | 20cm | |
| 丛书名: | ||
| 单 册: | ||
| 中图分类: | H310.42 | |
| 科图分类: | ||
| 主题词: | 英语--阅读教学--高等学校--水平考试--自学参考资料 , 英语 , 阅读教学 | |
| 电子资源: | ||
| ISBN: | 7-80146-709-4 | |
| 000 | 00905nam0 2200265 450 | |
| 000 | 00910nam0 2200265 450 | |
| 000 | 00840nam0 2200241 450 | |
| 000 | 00804nam0 2200229 45 | |
| 005 | 20070516102743.42 | |
| 010 | @a7-80146-709-4@dCNY13.80(全四册45.20) | |
| 100 | @a20070406e20062006em y0chiy0120 ea | |
| 101 | 2 | @achi@aeng |
| 102 | @aCN@b110000 | |
| 105 | @ay z 000yy | |
| 200 | 1 | @a大学英语六级考试直击考点阅读与简答@ADa Xue Ying Yu Liu Ji Kao Shi Zhi Ji Kao Dian Yue Dou Yu Jian Da@f王长喜主编@FWang Chang Xi Zhu Bian |
| 210 | @a北京@c中国社会出版社@d2003@h2006 | |
| 215 | @a440页@d20cm | |
| 330 | @a全书分三篇,内容包括:阅读篇、简答篇、综合预测篇。 | |
| 606 | 0 | @a英语@x阅读教学@x高等学校@x水平考试@j自学参考资料 |
| 606 | 0 | @a英语 |
| 606 | 0 | @a阅读教学 |
| 690 | @aH310.42@v4 | |
| 701 | 0 | @a王长喜@AWang Chang Xi@4主编 |
| 801 | 0 | @aCN@bTAOJIN@c20070516 |
| 905 | @a10447@dH310.42@e1016 | |
| 大学英语六级考试直击考点阅读与简答/王长喜主编.-北京:中国社会出版社,2003(2006) |
| 440页;20cm |
| ISBN 7-80146-709-4:CNY13.80(全四册45.20) |
| 全书分三篇,内容包括:阅读篇、简答篇、综合预测篇。 |
| ● |
| 相关链接 |
|
|
|
|
正题名:大学英语六级考试直击考点阅读与简答
索取号:H310.42/1016
 
预约/预借
| 序号 | 登录号 | 条形码 | 馆藏地/架位号 | 状态 | 备注 |
| 1 | 0520664 | 205206640 | 第二样本阅览室/ [索取号:H310.42/1016] | 在馆 | |
| 2 | 0520665 | 205206659 | 第四借阅区/ [索取号:H310.42/1016] | 在馆 | |
| 3 | 0520666 | 205206668 | 第四借阅区/ [索取号:H310.42/1016] | 在馆 | |
| 4 | 0520667 | 205206677 | 第四借阅区/ [索取号:H310.42/1016] | 在馆 | |
| 5 | 0520668 | 205206686 | 第四借阅区/ [索取号:H310.42/1016] | 在馆 | |
| 6 | 0520669 | 205206695 | 第四借阅区/ [索取号:H310.42/1016] | 在馆 | |
| 7 | 0520670 | 205206702 | 第四借阅区/ [索取号:H310.42/1016] | 在馆 |